Derechos humanos del migrante, de la mujer en el islam, de injerencia internacional___ y complejidad del sujeto /

Memoria que recoge las ponencias y contraponencias del tercer Seminario Permanente de Derechos Humanos de la Facultad de Derecho (ESADE) de la Universidad Ramon Llull, correspondiente al curso académico 1996-1997 y cuyas tres primeras ediciones tuvieron un denominador común: referirse a sujetos conc...

Deskribapen osoa

Gorde:
Xehetasun bibliografikoak
Erakunde egilea: Seminario Permanente de Derechos Humanos ( Universidad Ramón Llull, Facultad de Derecho)
Beste egile batzuk: Marzal, Antonio (edición) (edición)
Formatua: Konferentzia-aktak Liburua
Hizkuntza:gaztelania
Argitaratua: Barcelona, España : Bosch : Universidad Ramón Llull, Facultad de Derecho ESADE, 1999, c1999
Saila:(Colección ESADE ; 4)
Gaiak:
Etiketak: Etiketa erantsi
Etiketarik gabe, Izan zaitez lehena erregistro honi etiketa jartzen!

MARC

LEADER 00000nam^a2200000^a^4500
001 000146058
005 20250521000000.0
009 20260310095857.493
020 |a 84-7698-544-4 
037 |a Acervo ITESO - Biblioteca 
041 |a ESP 
082 |a 323.  |b SEM 1996-1997 
111 |a Seminario Permanente de Derechos Humanos (  |n 3o :  |d 1996-1997 :  |c Universidad Ramón Llull, Facultad de Derecho) 
240 1 1 |a [Seminario Permanente de Derechos Humanos] 
245 1 0 |a Derechos humanos del migrante, de la mujer en el islam, de injerencia internacional___ y complejidad del sujeto /  |c Ed. y pról. de A. Marzal. 
264 4 |a Barcelona, España :  |b Bosch :  |b Universidad Ramón Llull, Facultad de Derecho ESADE,  |c 1999, c1999 
300 |a 175 p. 
336 |a texto  |b txt  |2 rdacontenido 
337 |a sin mediación  |b n  |2 rdamedio 
338 |a volumen  |b nc  |2 rdasoporte 
440 1 |a (Colección ESADE ;  |v 4) 
520 |a Memoria que recoge las ponencias y contraponencias del tercer Seminario Permanente de Derechos Humanos de la Facultad de Derecho (ESADE) de la Universidad Ramon Llull, correspondiente al curso académico 1996-1997 y cuyas tres primeras ediciones tuvieron un denominador común: referirse a sujetos concretos, quienes, en cuanto tales sujetos y precisamente por ser tales sujetos, complejizan el contenido mismo del derecho concreto. Así, es un enfoque que privilegia la teoría del sujeto complejo de los derechos humanos por encima de la teoría de las generaciones y su objetivo no es originar especificidades para cada grupo en un ámbito que se supone universal y humano, sino prestar atención a un sujeto que cuestiona, complejiza y obliga a afinar el contenido del derecho. En el tercer Seminario, los protagonistas son el migrante; la mujer en la cultura jurídica islámica, comparada con la cultura jurídica occidental, y los derechos humanos implicados en la intervención y asistencia humanitarias, vistas desde la perspectiva del derecho internacional público. El cuarto eje temático es el Tribunal de Justicia de las Comunidades Europeas o Tribunal de Luxemburgo, referido a la protección jurisdiccional de los derechos humanos. 
610 |a Comunidad Económica Europea 
649 |a XX 
650 |a Derechos Humanos -  |x Congresos 
650 |a Migrantes -  |x Condiciones Jurídicas 
650 |a Mujeres -  |x Condiciones Jurídicas 
650 |a Inmigración 
650 |a Migración 
650 |a Asistencia Social -  |x Aspectos Jurídicos 
650 |a Cooperación Internacional -  |x Aspectos Jurídicos 
650 |a Justicia -  |x Administración 
650 |a Tribunales Internacionales -  |z Europa 
650 |a Derecho Islámico 
650 |a Sistemas Jurídicos Religiosos 
650 |a Derecho Semítico 
650 |a Derecho Oriental 
650 |a Religión y Derecho 
650 |a Derecho Migratorio 
650 |a Derecho Comparado 
650 |a Derecho Internacional Público 
650 |a Derecho Positivo 
700 |a Marzal, Antonio  |e (edición) 
910 |a Fondo General 
920 |a Impresos - Libros 
930 |a Colección General 
905 |a 101 
901 |a 0500075373  |b IT1  |c ACC  |u 20250521 
902 |a https://opac.biblio.iteso.mx/vufind/Record/000146058